00732nam a2200217 a 4500001001000000003000900010005001700019007000300036008004100039040002500080082002100105245007000126260007600196300002000272490002100292600003200313651004700345700003700392710006500429830002000494000049088DO-SdBNP20220113143717.0ta190718s2002 dr 000 0 spa d aDO-SdBNPbspacBNPHU a907.2bA516p22203aEl profesor Erwin Walter Palm historiador de nuestros monumentos  aSanto Domingo, Repúbli:bSociedad Dominicana de Bibliófilos,c2002. a24 p. ;c22 cm.1 a Conferencia v310aWalter Palm, Erwin ,d1938-14aRepública Dominicana xHistoriografía  aAmiama de Castro, Octaviod1936- aSociedad Dominicana de Bibliófilo (República Dominicana) 0aConferencia n3